|
|
|
|
| LEADER |
00000cam a2200000 7i4500 |
| 001 |
0000001438 |
| 005 |
20030616.0 |
| 020 |
|
|
|a 0534179940
|
| 040 |
|
|
|a INS
|
| 090 |
0 |
0 |
|a HD30.3.
|b H35 1993
|
| 100 |
1 |
|
|a Hamilton, Cheryl Hamilton
|
| 245 |
1 |
0 |
|a Communicating for results :
|b a guide for business and the professions
|c Cheryl Hamilton with Cordell Parker
|
| 250 |
|
|
|a 4th ed.
|
| 260 |
|
|
|a Belmont,California :
|b Wadsworth Publ.Co ,
|c 1993
|
| 300 |
|
|
|a xiv, 482p. ;
|c 23 cm.
|
| 650 |
0 |
0 |
|a Communication in management
|
| 700 |
1 |
|
|a Parker, Cordell
|
| 999 |
|
|
|a 0000004867
|b BOOK
|c Open Shelf
|e Default branch
|